<?xml version="1.0" encoding="UTF-8"?>
<marc:record xmlns:marc="http://www.loc.gov/MARC21/slim">
   <marc:leader>00000nam a2200000 a 4500</marc:leader>
   <marc:datafield ind1=" " ind2=" " tag="653">
      <marc:subfield code="a">Fantasy / DVD</marc:subfield>
   </marc:datafield>
   <marc:datafield ind1=" " ind2=" " tag="653">
      <marc:subfield code="a">Musical</marc:subfield>
   </marc:datafield>
   <marc:datafield ind1=" " ind2=" " tag="653">
      <marc:subfield code="a">Englisch / Sprachausgabe</marc:subfield>
   </marc:datafield>
   <marc:datafield ind1="0" ind2="0" tag="245">
      <marc:subfield code="a">Wicked - Teil 2</marc:subfield>
   </marc:datafield>
   <marc:datafield ind1=" " ind2="1" tag="264">
      <marc:subfield code="a">Planegg</marc:subfield>
      <marc:subfield code="b">Plaion Pictures GmbH</marc:subfield>
      <marc:subfield code="c">2026</marc:subfield>
   </marc:datafield>
   <marc:datafield ind1="1" ind2=" " tag="490">
      <marc:subfield code="a">Wicked</marc:subfield>
      <marc:subfield code="v">2</marc:subfield>
   </marc:datafield>
   <marc:datafield ind1="1" ind2=" " tag="520">
      <marc:subfield code="a">Die cineastische kulturelle Sensation kehrt zurück mit dem epischen Abschluss der unerzählten Geschichten der Hexen von Oz. Elphaba und Glinda haben sich entfremdet, jede lebt mit den Konsequenzen ihrer Entscheidungen. Elphaba (Cynthia Erivo), nun als die Böse Hexe des Westens verteufelt, lebt im Exil und setzt ihren Kampf fort, den Zauberer zu entlarven. Währenddessen ist Glinda (Ariana Grande) zu einem glamourösen Symbol der Güte geworden und genießt die Vorzüge von Ruhm und Beliebtheit. Als die wütenden Bürger von Oz gegen die Böse Hexe aufbegehren, müssen Glinda und Elphaba wieder zueinanderfinden und einander wirklich verstehen - wenn sie sich selbst und ganz Oz verändern wollen. Hol dir das Abenteuer nach Hause und mach dich bereit, für immer verändert zu werden.</marc:subfield>
   </marc:datafield>
   <marc:datafield ind1="3" ind2=" " tag="024">
      <marc:subfield code="a">4020628546007</marc:subfield>
   </marc:datafield>
   <marc:datafield ind1=" " ind2=" " tag="041">
      <marc:subfield code="a">ger</marc:subfield>
   </marc:datafield>
   <marc:datafield ind1="1" ind2=" " tag="521">
      <marc:subfield code="a">FSK ab 12 freigegeben</marc:subfield>
   </marc:datafield>
   <marc:datafield ind1="1" ind2=" " tag="521">
      <marc:subfield code="a">12</marc:subfield>
   </marc:datafield>
   <marc:datafield ind1=" " ind2=" " tag="338">
      <marc:subfield code="a">DVD-Video</marc:subfield>
   </marc:datafield>
   <marc:datafield ind1=" " ind2=" " tag="300">
      <marc:subfield code="a">1 DVD (133 Minuten)</marc:subfield>
   </marc:datafield>
</marc:record>
